Statistics: (Record no. 5507)
[ view plain ]
| 000 -LEADER | |
|---|---|
| fixed length control field | 00465nam a22001697a 4500 |
| 005 - DATE AND TIME OF LATEST TRANSACTION | |
| control field | 20250422174109.0 |
| 008 - FIXED-LENGTH DATA ELEMENTS--GENERAL INFORMATION | |
| fixed length control field | 250422b |||||||| |||| 00| 0 eng d |
| 020 ## - INTERNATIONAL STANDARD BOOK NUMBER | |
| International Standard Book Number | 8170146860 |
| 050 ## - LIBRARY OF CONGRESS CALL NUMBER | |
| Classification number | HA29 KAP |
| 100 ## - MAIN ENTRY--PERSONAL NAME | |
| Personal name | Kapoor V. K. |
| 245 ## - TITLE STATEMENT | |
| Title | Statistics: |
| Remainder of title | Problems & Solutions |
| Statement of responsibility, etc. | V. K. Kapoor |
| 250 ## - EDITION STATEMENT | |
| Edition statement | 7th Ed. |
| 260 ## - PUBLICATION, DISTRIBUTION, ETC. | |
| Place of publication, distribution, etc. | New Delhi |
| Name of publisher, distributor, etc. | Sultan Chand & Sons |
| Date of publication, distribution, etc. | 2000 |
| 300 ## - PHYSICAL DESCRIPTION | |
| Extent | various pagings |
| Other physical details | ill. |
| Dimensions | 21 cm |
| 650 ## - SUBJECT ADDED ENTRY--TOPICAL TERM | |
| Source of heading or term | Statistics |
| 942 ## - ADDED ENTRY ELEMENTS (KOHA) | |
| Source of classification or shelving scheme | Library of Congress Classification |
| Koha item type | Books |
| Edition | 7th Ed. |
| Suppress in OPAC | No |
| 999 ## - | |
| -- | 5507 |
| -- | 5507 |
| Withdrawn status | Lost status | Source of classification or shelving scheme | Damaged status | Not for loan | Collection | Home library | Current library | Shelving location | Date acquired | Total checkouts | Full call number | Barcode | Date last seen | Copy number | Price effective from | Koha item type |
|---|---|---|---|---|---|---|---|---|---|---|---|---|---|---|---|---|
| Library of Congress Classification | Non-fiction | Business Library (Miotso) | Business Library (Miotso) | General stacks | 04/14/2025 | HA29 KAP | BSSM00001936 | 04/22/2025 | 1 | 04/14/2025 | Books | |||||
| Library of Congress Classification | Non-fiction | Undergraduate Library (Christ Temple) | Undergraduate Library (Christ Temple) | General stacks | 05/29/2025 | HA 29 KAP | ulct00002721 | 05/29/2025 | 1 | 05/29/2025 | Books |